<?xml version="1.0" encoding="UTF-8"?>
<collection xmlns="http://www.loc.gov/MARC21/slim">
 <record>
  <leader>00702nam a2200217   4500</leader>
  <controlfield tag="001">000003943</controlfield>
  <controlfield tag="003">71</controlfield>
  <controlfield tag="005">20150812140850.0</controlfield>
  <controlfield tag="008">110713s                               sd</controlfield>
  <datafield tag="100" ind1="0" ind2=" ">
   <subfield code="a">Nguyễn Lộc</subfield>
  </datafield>
  <datafield tag="245" ind1="0" ind2="0">
   <subfield code="a">Văn học Việt Nam nữa cuối thế kỷ XVIII nữa đầu thế kỷ XIX</subfield>
   <subfield code="c">Nguyễn Lộc</subfield>
  </datafield>
  <datafield tag="774" ind1=" " ind2=" ">
   <subfield code="a">c</subfield>
   <subfield code="d">Giáo dục</subfield>
   <subfield code="d">H.</subfield>
   <subfield code="d">1976</subfield>
   <subfield code="g">Tập 1</subfield>
   <subfield code="h">355tr</subfield>
   <subfield code="w">73</subfield>
  </datafield>
  <datafield tag="774" ind1=" " ind2=" ">
   <subfield code="a">Nguyễn Lộc</subfield>
   <subfield code="d">Đại học và Trung học chuyên nghiệp</subfield>
   <subfield code="d">H.</subfield>
   <subfield code="d">1978</subfield>
   <subfield code="g">Tập 2</subfield>
   <subfield code="h">448tr</subfield>
   <subfield code="w">75</subfield>
  </datafield>
  <datafield tag="OWN" ind1=" " ind2=" ">
   <subfield code="a">LSP</subfield>
  </datafield>
  <datafield tag="999" ind1=" " ind2=" ">
   <subfield code="a">From the UDN01</subfield>
  </datafield>
  <datafield tag="TYP" ind1=" " ind2=" ">
   <subfield code="a">Monograph</subfield>
  </datafield>
  <datafield tag="TYP" ind1=" " ind2=" ">
   <subfield code="a">Printed language</subfield>
  </datafield>
  <datafield tag="980" ind1=" " ind2=" ">
   <subfield code="a">Mạng thư viện Đại học Đà Nẵng</subfield>
  </datafield>
 </record>
</collection>
